| 000 | 00646cab a2200217 4500 | ||
|---|---|---|---|
| 001 | WB3004-69 | ||
| 008 | 090401t1994 xxu||||| |||| 00| 0 eng d | ||
| 035 | _a(Sirsi) u58707 | ||
| 041 | _aeng | ||
| 245 | _aCentral Manchester UDC to end | ||
| 260 | _c1994 | ||
| 350 | _a0 | ||
| 490 |
_aCSW - The Property Week _v46(3) 20 January 1994, 9(1) |
||
| 520 | _aCentral Manchester Development Corporation will be wound up in March 1996. | ||
| 650 | _aCENTRAL MANCHESTER DEVELOPMENT CORPORATION | ||
| 650 | _aCENTRAL MANCHESTER UDC | ||
| 650 | _aURBAN DEVELOPMENT CORPORATIONS | ||
| 690 | _aURBAN RENEWAL | ||
| 942 | _n0 | ||
| 948 | _c04/03/1997 | ||
| 999 |
_c35895 _d35895 |
||